Catálogo público

Perfil físico-químico, sensorial y espectroscópico de vino tinto mexicano, valoración económica y conceptualización / (Record no. 220593)

MARC details
000 -CABECERA
campo de control de longitud fija 05883nam a2200457 a 4500
003 - IDENTIFICADOR DEL NÚMERO DE CONTROL
campo de control CHAP
005 - FECHA Y HORA DE LA ÚLTIMA TRANSACCIÓN
campo de control 20250707174449.0
007 - CAMPO FIJO DE DESCRIPCIÓN FÍSICA--INFORMACIÓN GENERAL
campo de control de longitud fija ta
008 - DATOS DE LONGITUD FIJA--INFORMACIÓN GENERAL
campo de control de longitud fija 250611s2024 mx abd|fsm||| 001 0 spa d
040 ## - FUENTE DE LA CATALOGACIÓN
Normas de descripción rda
041 ## - CÓDIGO DE LENGUA
Código de lengua del texto/banda sonora o título independiente spa
Código de lengua del sumario o resumen eng
100 1# - ENTRADA PRINCIPAL--NOMBRE DE PERSONA
Nombre de persona Jauregui García, Carla Zulema
9 (RLIN) 133531
240 10 - TÍTULO UNIFORME
Título uniforme Physical-chemical, sensory and spectroscopic profile of mexican red wine, economic valuation and conceptualization.
Lenguaje de la obra Español
245 10 - MENCIÓN DE TÍTULO
Título Perfil físico-químico, sensorial y espectroscópico de vino tinto mexicano, valoración económica y conceptualización /
Mención de responsabilidad, etc. Carla Zulema Jauregui García
264 ## - PRODUCCIÓN, PUBLICACIÓN, DISTRIBUCIÓN, FABRICACIÓN Y COPYRIGHT
Producción, publicación, distribución, fabricación y copyright Chapingo, México :
Nombre del de productor, editor, distribuidor, fabricante El autor,
Fecha de producción, publicación, distribución, fabricación o copyright 2024
300 ## - DESCRIPCIÓN FÍSICA
Extensión 1 recurso en línea (xix, 208 páginas) :
Otras características físicas ilustraciones, mapas, gráficas, diagramas, tablas
336 ## - TIPO DE CONTENIDO
Fuente rdacontent
Término de tipo de contenido texto
Código de tipo de contenido txt
337 ## - TIPO DE MEDIO
Fuente rdamedia
Nombre/término del tipo de medio computadora
Código del tipo de medio c
338 ## - TIPO DE SOPORTE
Fuente rdacarrier
Nombre/término del tipo de soporte recurso en línea
Código del tipo de soporte cr
502 ## - NOTA DE TESIS
Nota de tesis Tesis
Tipo de título (Doctor en Ciencias Agroalimentarias) --
Nombre de la institución que otorga el título Departamento de Ingeniería Agroindustrial,
Año de obtención del título 2024
Información miscelánea Doctorado
504 ## - NOTA DE BIBLIOGRAFÍA, ETC.
Nota de bibliografía, etc. Incluye bibliografías
520 3# - SUMARIO, ETC.
Sumario, etc. El vino es una bebida compuesta de una matriz compleja de compuestos volátiles y no volátiles, sin embargo, pueden existir otros factores relacionados con el vino que influyen en su consumo. Los propósitos de esta investigación fueron caracterizar la cadena agroindustrial del vino tinto Shiraz en Parras, Coahuila, determinar su perfil físico-químico, sensorial y espectroscópico, así como realizar el estudio del consumidor mediante conceptualización y valoración económica. La cadena agroindustrial se realizó mediante estudios de caso, el perfil físico-químico se evaluó empleando los métodos de la OIV, el perfil sensorial por un análisis descriptivo cuantitativo; y el perfil espectroscópico por infrarrojo cercano, ultravioleta-visible y fluorescencia. La conceptualización se realizó por prueba de asociación libre de palabras y la valoración económica mediante valoración contingente y experimentos de elección discreta. La producción de vino Shiraz era de 20-25 % en la región de Parras, los procesos presentaron modificaciones puntuales entre cada vinícola. Los perfiles físico-químicos, sensoriales y espectroscópicos permitieron diferenciar a los vinos producidos en una misma región. Las conceptualizaciones sociales del vino incluyeron significados utilitarios y simbólicos. La valoración económica estuvo influenciada por factores como el ingreso mensual, preferencias de consumo, accesibilidad del producto, entre otros. La disposición a pagar un costo extra por este tipo de productos es principalmente moderada. Finalmente, los atributos extrínsecos del vino tinto que influyeron positivamente en la disposición a pagar fueron el origen (Baja California y Coahuila) y la obtención de medallas. El vino Shiraz producido en la región de Parras, Coahuila presentó diferencias significativas físico-químicas, sensoriales y espectroscópicas, influenciadas principalmente por la altitud y proceso de producción. --
520 3# - SUMARIO, ETC.
Sumario, etc. Wine is a beverage composed of a complex matrix of volatile and non-volatile compounds, however, there may be other factors related to wine that influence its consumption. The purposes of this research were to characterize the agroindustrial chain of Shiraz red wine in Parras, Coahuila, determine its physical-chemical, sensory and spectroscopic profile, as well as conduct a consumer study through conceptualization and economic valuation. The agroindustrial chain was carried out through case studies, the physical-chemical profile was evaluated using the OIV methods, the sensory profile by a quantitative descriptive analysis; and the near-infrared, ultraviolet-visible and fluorescence spectroscopic profile. Conceptualization was carried out by free word association test and economic evaluation through contingent valuation and discrete choice experiments. The production of Shiraz wine was 20-25 % in the Parras region, the processes presented specific modifications between each winery. The physicochemical, sensory and spectroscopic profiles allowed the differentiation of wines produced in the same region. Social representations of wine included utilitarian and symbolic meanings. The economic valuation was influenced by factors such as monthly income, consumer preferences, product accessibility, among others. The willingness to pay an extra cost for this type of product is mainly moderate. Finally, the extrinsic attributes of red wine that positively influenced the willingness to pay were the origin (Baja California and Coahuila) and the obtaining of medals. The Shiraz wine produced in the region of Parras, Coahuila presented significant physical-chemical, sensory and spectroscopic differences, mainly influenced by altitude and production process.
650 13 - PUNTO DE ACCESO ADICIONAL DE MATERIA--TÉRMINO DE MATERIA
Término de materia o nombre geográfico como elemento de entrada Vinos tintos
Subdivisión general Análisis
Fuente del encabezamiento o término atg
9 (RLIN) 153190
Subdivisión geográfica México
650 13 - PUNTO DE ACCESO ADICIONAL DE MATERIA--TÉRMINO DE MATERIA
Término de materia o nombre geográfico como elemento de entrada Vinos
Subdivisión general Propiedades fisicoquímicas
Fuente del encabezamiento o término atg
9 (RLIN) 190621
650 13 - PUNTO DE ACCESO ADICIONAL DE MATERIA--TÉRMINO DE MATERIA
Término de materia o nombre geográfico como elemento de entrada Vinos
Subdivisión general Propiedades sensoriales
Fuente del encabezamiento o término atg
9 (RLIN) 190623
650 13 - PUNTO DE ACCESO ADICIONAL DE MATERIA--TÉRMINO DE MATERIA
Término de materia o nombre geográfico como elemento de entrada Vinos
Fuente del encabezamiento o término atg
Subdivisión general Espectroscopía del infrarrojo cercano
9 (RLIN) 119879
650 13 - PUNTO DE ACCESO ADICIONAL DE MATERIA--TÉRMINO DE MATERIA
Término de materia o nombre geográfico como elemento de entrada Vinos
Fuente del encabezamiento o término atg
Subdivisión general Espectroscopía de ultravioleta visible
9 (RLIN) 119879
650 13 - PUNTO DE ACCESO ADICIONAL DE MATERIA--TÉRMINO DE MATERIA
Término de materia o nombre geográfico como elemento de entrada Vinos
Fuente del encabezamiento o término atg
Subdivisión general Valuación económica
9 (RLIN) 119879
650 13 - PUNTO DE ACCESO ADICIONAL DE MATERIA--TÉRMINO DE MATERIA
Término de materia o nombre geográfico como elemento de entrada Red wines
Subdivisión general Analysis
Fuente del encabezamiento o término atg
9 (RLIN) 153189
Subdivisión geográfica Mexico
650 13 - PUNTO DE ACCESO ADICIONAL DE MATERIA--TÉRMINO DE MATERIA
Término de materia o nombre geográfico como elemento de entrada Wines
Subdivisión general Physicochemical properties
Fuente del encabezamiento o término atg
9 (RLIN) 190622
650 13 - PUNTO DE ACCESO ADICIONAL DE MATERIA--TÉRMINO DE MATERIA
Término de materia o nombre geográfico como elemento de entrada Wines
Subdivisión general Sensory properties
Fuente del encabezamiento o término atg
9 (RLIN) 190624
650 13 - PUNTO DE ACCESO ADICIONAL DE MATERIA--TÉRMINO DE MATERIA
Término de materia o nombre geográfico como elemento de entrada Wines
Subdivisión general Near-infrared spectroscopy
Fuente del encabezamiento o término atg
9 (RLIN) 148017
650 13 - PUNTO DE ACCESO ADICIONAL DE MATERIA--TÉRMINO DE MATERIA
Término de materia o nombre geográfico como elemento de entrada Wines
Subdivisión general Ultraviolet-visible spectroscopy
Fuente del encabezamiento o término atg
9 (RLIN) 148017
650 13 - PUNTO DE ACCESO ADICIONAL DE MATERIA--TÉRMINO DE MATERIA
Término de materia o nombre geográfico como elemento de entrada Wines
Subdivisión general Economic valuation
Fuente del encabezamiento o término atg
9 (RLIN) 148017
700 1# - PUNTO DE ACCESO ADICIONAL--NOMBRE DE PERSONA
Nombre de persona Espejel García, Anastacio
9 (RLIN) 147446
Término indicativo de función/relación director
700 1# - PUNTO DE ACCESO ADICIONAL--NOMBRE DE PERSONA
Nombre de persona Barrera Rodríguez, Ariadna Isabel
9 (RLIN) 163078
Término indicativo de función/relación asesora
700 1# - PUNTO DE ACCESO ADICIONAL--NOMBRE DE PERSONA
Nombre de persona Hernández Rodríguez, Landy
9 (RLIN) 54548
Término indicativo de función/relación asesora
856 40 - LOCALIZACIÓN Y ACCESO ELECTRÓNICOS
Identificador Uniforme del Recurso http://10.13.5.2/tesis/td/1913214-6_JAUREGUI_GARCÍA_CARLA_ZULEMA.pdf
Texto de enlace DESCARGAR PDF
942 ## - ELEMENTOS DE PUNTO DE ACCESO ADICIONAL (KOHA)
Fuente del sistema de clasificación o colocación Clasificación Universidad Autónoma Chapingo
Tipo de ítem Koha Tesis digital
Holdings
Estado de retiro Estado de pérdida Fuente del sistema de clasificación o colocación Estado dañado No para préstamo Código de colección Localización permanente Ubicación/localización actual Ubicación en estantería Fecha de adquisición Fuente de adquisición Total de préstamos Código de barras Fecha visto por última vez Precio válido a partir de Tipo de ítem Koha
    Clasificación Universidad Autónoma de Chapingo     Tesis digitales de Doctorado Ingenieria Agroindustrial Ingenieria Agroindustrial En línea 11/06/2025 El autor   1201015545 11/06/2025 11/06/2025 Tesis digital